[Event "?"]
[Site "?"]
[Date "????.??.??"]
[Round "?"]
[White "Dydyshko, V."]
[Black "Jones, I."]
[Result "1/2-1/2"]
[WhiteElo "2512"]
[BlackElo "2225"]
[PlyCount "166"]
[EventDate "2013.??.??"]
[WhiteTeam "Weißrußland"]
[BlackTeam "Wales"]

1. d4 Nf6 2. c4 d6 3. Nf3 Nbd7 4. Nc3 e5 5. e4 Be7 6. Be2 c6 7. O-O O-O 8. Qc2
Re8 9. Rd1 Bf8 10. d5 c5 11. a3 g6 12. b4 b6 13. Be3 Ng4 14. Bd2 Bg7 15. Rab1
Nf8 16. bxc5 bxc5 17. Qa4 a6 18. Qc6 Ra7 19. Rb2 Qe7 20. Rdb1 Bd7 21. Qb6 Rea8
22. Qa5 Bc8 23. Bd1 Nf6 24. Ba4 Qc7 25. Qxc7 Rxc7 26. Bc6 Raa7 27. Ne1 Bd7 28.
Rb6 Ne8 29. Rb8 Nf6 30. R1b6 h6 31. f3 Kh7 32. Nd3 Bc8 33. Rb1 N8d7 34. R8b2 h5
35. Na4 a5 36. Nc3 Ba6 37. Nb5 Bxb5 38. Rxb5 a4 39. Rb7 Rcxb7 40. Rxb7 Rxb7 41.
Bxb7 Nb6 42. Nb2 Bh6 43. Bxh6 Kxh6 44. Bc6 Kg7 45. Bxa4 Kf8 46. h4 Ke7 47. Kf2
Kd8 48. Ke3 Kc7 49. Bb5 Nc8 50. g3 Kb6 51. f4 Na7 52. Ba4 Ka5 53. Kf3 Nc8 54.
Bc6 Nb6 55. fxe5 dxe5 56. Bb5 Nc8 57. Nd3 Nd6 58. Nxc5 Nxb5 59. cxb5 Kxb5 60.
Nb7 Ne8 61. d6 Kc6 62. Nd8+ Kxd6 63. Nxf7+ Ke6 64. Ng5+ Kd6 65. Ke3 Nf6 66. Kd3
Kc5 67. Ne6+ Kb5 68. Nf8 Ka4 69. Nxg6 Ng4 70. Kc4 Nf6 71. Kd3 Ng4 72. Nxe5
Nxe5+ 73. Kd4 Ng4 74. e5 Kxa3 75. e6 Kb4 76. e7 Nf6 77. Ke5 Ne8 78. Ke6 Kc5 79.
Kf7 Nd6+ 80. Kf8 Kd5 81. e8=Q Nxe8 82. Kxe8 Ke6 83. Kf8 Kf6 1/2-1/2

[Event "?"]
[Site "?"]
[Date "????.??.??"]
[Round "?"]
[White "Thornton, J."]
[Black "Kupreichik, V."]
[Result "0-1"]
[WhiteElo "2029"]
[BlackElo "2443"]
[PlyCount "52"]
[EventDate "2013.??.??"]
[WhiteTeam "Wales"]
[BlackTeam "Weißrußland"]

1. c4 e5 2. g3 Nf6 3. Bg2 d5 4. cxd5 Nxd5 5. Nc3 Nb6 6. Nf3 Nc6 7. O-O Be7 8.
d3 Be6 9. Be3 Nd5 10. Nxd5 Bxd5 11. a3 O-O 12. Rc1 Re8 13. Bc5 a5 14. e4 Be6
15. Bxe7 Rxe7 16. Rxc6 bxc6 17. Nxe5 Qd6 18. f4 f6 19. Nf3 Rd8 20. d4 c5 21. d5
c6 22. Qa4 cxd5 23. exd5 Bxd5 24. Qxa5 Re2 25. Qc3 Qb6 26. Rf2 c4 0-1

[Event "?"]
[Site "?"]
[Date "????.??.??"]
[Round "?"]
[White "Mochalov, E."]
[Black "Miles, R."]
[Result "1-0"]
[WhiteElo "2411"]
[BlackElo "2088"]
[PlyCount "45"]
[EventDate "2013.??.??"]
[WhiteTeam "Weißrußland"]
[BlackTeam "Wales"]

1. d4 Nf6 2. c4 g6 3. g3 Bg7 4. Bg2 O-O 5. Nf3 d6 6. O-O Nbd7 7. Qc2 e5 8. Rd1
Qe7 9. Nc3 Re8 10. e4 exd4 11. Nxd4 Nc5 12. f3 Ne6 13. Be3 Nxd4 14. Bxd4 Be6
15. Nd5 Bxd5 16. cxd5 Rec8 17. Bh3 Nd7 18. Bxg7 Kxg7 19. Qa4 Rd8 20. Rac1 Nc5
21. Qd4+ Kg8 22. b4 Na4 23. Rd2 1-0

[Event "?"]
[Site "?"]
[Date "????.??.??"]
[Round "?"]
[White "Van Kemenade, R."]
[Black "Veremeichik, V."]
[Result "0-1"]
[WhiteElo "2018"]
[BlackElo "2340"]
[PlyCount "98"]
[EventDate "2013.??.??"]
[WhiteTeam "Wales"]
[BlackTeam "Weißrußland"]

1. Nf3 c5 2. e4 Nc6 3. Bb5 g6 4. O-O Bg7 5. c3 Nf6 6. Re1 O-O 7. h3 a6 8. Bf1
e5 9. d4 d6 10. a4 Qc7 11. Na3 Re8 12. d5 Na7 13. Nc4 b6 14. b4 Nd7 15. Ba3 b5
16. Na5 c4 17. axb5 axb5 18. Bc1 Nb6 19. Qc2 Bd7 20. Be3 Nac8 21. Nd2 Ne7 22.
Bxb6 Qxb6 23. Ra3 Rab8 24. Rea1 Nc8 25. Be2 Rf8 26. Nf1 Bh6 27. Nh2 Qc7 28. Ng4
Bg5 29. Ne3 Nb6 30. Bg4 f5 31. Bf3 f4 32. Nf1 h5 33. Qe2 Rf7 34. Nh2 Nc8 35.
Kf1 Ne7 36. Ke1 Kg7 37. Kd1 Ng8 38. Kc2 Rbf8 39. Nc6 Bxc6 40. dxc6 Rb8 41. Ra6
Rb6 42. Qd1 Qxc6 43. Rxb6 Qxb6 44. Qd5 Ne7 45. Qd2 Bh4 46. g3 fxg3 47. fxg3
Bxg3 48. Qg2 Bxh2 49. Bxh5 Rf2+ 0-1

[Event "?"]
[Site "?"]
[Date "????.??.??"]
[Round "?"]
[White "Haase, W."]
[Black "Vasiukov, E."]
[Result "1/2-1/2"]
[WhiteElo "2120"]
[BlackElo "2461"]
[PlyCount "35"]
[EventDate "2013.??.??"]
[WhiteTeam "Hessen 2"]
[BlackTeam "Rußland"]

1. e4 c5 2. c3 d6 3. d4 Nf6 4. dxc5 Nc6 5. Bc4 e6 6. Bg5 dxc5 7. Qe2 h6 8. Bh4
Qc7 9. Nf3 Nh5 10. Bg3 Nxg3 11. hxg3 a6 12. a4 g6 13. Nbd2 Bg7 14. Nb3 b6 15.
Qe3 Bb7 16. Rd1 g5 17. Be2 O-O 18. Nfd2 1/2-1/2

[Event "?"]
[Site "?"]
[Date "????.??.??"]
[Round "?"]
[White "Pushkov, N."]
[Black "Thieme, H."]
[Result "1-0"]
[WhiteElo "2396"]
[BlackElo "2084"]
[PlyCount "47"]
[EventDate "2013.??.??"]
[WhiteTeam "Rußland"]
[BlackTeam "Hessen 2"]

1. Nf3 e6 2. c4 Nf6 3. d4 Bb4+ 4. Bd2 Qe7 5. g3 O-O 6. Bg2 Bxd2+ 7. Nbxd2 d6 8.
O-O e5 9. e3 a5 10. Qc2 Nc6 11. d5 Nb4 12. Qc3 b6 13. a3 Na6 14. b4 axb4 15.
axb4 Bb7 16. e4 Nb8 17. Rxa8 Bxa8 18. Ra1 Bb7 19. Ra7 Bc8 20. Ne1 Ne8 21. Ra8
Na6 22. Rxc8 c5 23. b5 Nac7 24. Rb8 1-0

[Event "?"]
[Site "?"]
[Date "????.??.??"]
[Round "?"]
[White "Biller, H."]
[Black "Mishuchkov, N."]
[Result "0-1"]
[WhiteElo "2098"]
[BlackElo "2365"]
[PlyCount "112"]
[EventDate "2013.??.??"]
[WhiteTeam "Hessen 2"]
[BlackTeam "Rußland"]

1. d4 Nf6 2. c4 e6 3. Nc3 Bb4 4. e3 Nc6 5. Nge2 d5 6. a3 Bd6 7. c5 Be7 8. f4
O-O 9. g3 a5 10. Rb1 Na7 11. Bg2 b6 12. b4 Bd7 13. O-O Nb5 14. Re1 axb4 15.
axb4 Bc6 16. Nxb5 Bxb5 17. Nc3 Bc4 18. Bf1 Bxf1 19. Rxf1 Ne4 20. Bb2 Qd7 21.
Qd3 Nxc3 22. Bxc3 Ra3 23. Ra1 Rfa8 24. Rxa3 Rxa3 25. Ra1 Rxa1+ 26. Bxa1 Qa4 27.
Bc3 Qb3 28. Qd2 h5 29. h4 Qb1+ 30. Kh2 Qf1 31. Qg2 Qd3 32. Bd2 Kh7 33. Qf2 Kg6
34. Be1 Qd1 35. Qd2 Qxd2+ 36. Bxd2 Kf5 37. Kg2 Ke4 38. Kf2 Kd3 39. Be1 b5 40.
Kf3 g6 41. Bf2 c6 42. Be1 Bf6 43. Bf2 Bh8 44. g4 hxg4+ 45. Kxg4 Ke2 46. Kg3 f6
47. Kg2 e5 48. f5 gxf5 49. h5 Bg7 50. Bg1 f4 51. exf4 exf4 52. Bf2 f5 53. Bg1
Bh6 54. Bf2 Bg5 55. Bg1 f3+ 56. Kg3 Bh6 0-1

[Event "?"]
[Site "?"]
[Date "????.??.??"]
[Round "?"]
[White "Zhelnin, V."]
[Black "Schlag, F."]
[Result "1-0"]
[WhiteElo "2459"]
[BlackElo "2037"]
[PlyCount "57"]
[EventDate "2013.??.??"]
[WhiteTeam "Rußland"]
[BlackTeam "Hessen 2"]

1. e4 e5 2. Bc4 d6 3. d4 Nd7 4. Nf3 Qe7 5. Nc3 c6 6. a4 Nb6 7. Bb3 Bg4 8. a5
Nd7 9. a6 b5 10. d5 b4 11. dxc6 bxc3 12. cxd7+ Bxd7 13. Qd5 Rc8 14. Qb7 cxb2
15. Bxb2 Nh6 16. O-O Qd8 17. Qxa7 Ra8 18. Qb7 Be7 19. a7 O-O 20. Bd5 Ng4 21.
Qxa8 Qxa8 22. Bxa8 Rxa8 23. Rfb1 Bc6 24. Bc3 Nf6 25. Rb8+ Bf8 26. Rxa8 Bxa8 27.
Rb1 Nxe4 28. Rb8 Bd5 29. Bb4 1-0

[Event "?"]
[Site "?"]
[Date "????.??.??"]
[Round "?"]
[White "Gofshtein, Leonid"]
[Black "Schwertel, Johann"]
[Result "1-0"]
[WhiteElo "2460"]
[BlackElo "2010"]
[PlyCount "43"]
[EventDate "2013.??.??"]
[WhiteTeam "Israel"]
[BlackTeam "Rheno Palatinat"]

1. d4 d5 2. c4 c6 3. Nf3 Nf6 4. Qc2 e6 5. Nbd2 Nbd7 6. g3 Be7 7. b3 Nb6 8. Bg2
O-O 9. O-O Re8 10. Bb2 Bf8 11. Rad1 g6 12. e3 Bg7 13. Rfe1 Nbd7 14. b4 a6 15.
a4 a5 16. b5 Bf8 17. c5 Bg7 18. b6 Ng4 19. h3 Nh6 20. e4 f5 21. e5 Bf8 22. Bc3
1-0

[Event "?"]
[Site "?"]
[Date "????.??.??"]
[Round "?"]
[White "Birnboim, N."]
[Black "Pusch, H."]
[Result "0-1"]
[WhiteElo "2356"]
[BlackElo "2139"]
[PlyCount "73"]
[EventDate "2013.??.??"]
[WhiteTeam "Israel"]
[BlackTeam "Rheno Palatinat"]

1. d4 Nf6 2. c4 g6 3. g3 Bg7 4. Bg2 O-O 5. Nc3 d6 6. Nf3 Nbd7 7. O-O c5 8. d5
Ng4 9. Qc2 Nde5 10. Nd2 f5 11. e3 Bh6 12. Re1 Qe8 13. f4 Nf7 14. b3 Bd7 15. Bb2
Bg7 16. a4 Rb8 17. a5 b5 18. cxb5 Bxb5 19. Nxb5 Qxb5 20. Bxg7 Kxg7 21. e4 Nfh6
22. Bf1 Qd7 23. Bh3 Kg8 24. Nf3 a6 25. Ng5 c4 26. bxc4 Qa7+ 27. Kh1 Rb4 28.
Bxg4 Nxg4 29. exf5 gxf5 30. h3 Nf2+ 31. Kg2 Qd4 32. Ne6 Qf6 33. Rab1 Rfb8 34.
Rxb4 Rxb4 35. Qxf2 Rb2 36. Re2 Rb1 37. Qa7 0-1

[Event "?"]
[Site "?"]
[Date "????.??.??"]
[Round "?"]
[White "Denda, R."]
[Black "Maryasin, B."]
[Result "0-1"]
[WhiteElo "2020"]
[BlackElo "2335"]
[PlyCount "56"]
[EventDate "2013.??.??"]
[WhiteTeam "Rheno Palatinat"]
[BlackTeam "Israel"]

1. e4 c5 2. Nf3 Nc6 3. d4 cxd4 4. Nxd4 Qb6 5. c3 Nf6 6. f3 e6 7. Nb3 d5 8. Qe2
Bd6 9. Bg5 dxe4 10. fxe4 Qc7 11. Bxf6 gxf6 12. g3 b6 13. N1d2 Bb7 14. Bg2 O-O-O
15. O-O-O Ne5 16. Kb1 Be7 17. Nd4 Kb8 18. Nb5 Qc8 19. Nf3 Qc4 20. Qxc4 Nxc4 21.
Rxd8+ Rxd8 22. Re1 f5 23. b3 fxe4 24. Nfd4 Nd2+ 25. Kc2 Nf3 26. Bxf3 exf3 27.
b4 a6 28. Na3 Rxd4 0-1

[Event "?"]
[Site "?"]
[Date "????.??.??"]
[Round "?"]
[White "Zöphel, H."]
[Black "Uhlmann, W."]
[Result "0-1"]
[WhiteElo "2059"]
[BlackElo "2340"]
[PlyCount "68"]
[EventDate "2013.??.??"]
[WhiteTeam "Dresdner Springer"]
[BlackTeam "Deutschland A"]

1. e4 e6 2. d4 d5 3. Nc3 Bb4 4. e5 Ne7 5. Bd2 c5 6. Nb5 Bxd2+ 7. Qxd2 O-O 8.
Nf3 cxd4 9. Nbxd4 Nbc6 10. c3 Ng6 11. Nxc6 bxc6 12. Bd3 c5 13. O-O Qb6 14. Rfe1
Ba6 15. Bxa6 Qxa6 16. Qe3 Qb6 17. Rab1 a5 18. h4 Ne7 19. g4 Rab8 20. h5 h6 21.
g5 Nf5 22. Qf4 hxg5 23. Qxg5 Qd8 24. Qg4 Rb7 25. Kg2 d4 26. cxd4 cxd4 27. Red1
Qd5 28. h6 f6 29. h7+ Kh8 30. Kg1 fxe5 31. Ng5 d3 32. Qe4 Rb4 33. Qxd5 exd5 34.
Ne6 Rf6 0-1

[Event "?"]
[Site "?"]
[Date "????.??.??"]
[Round "?"]
[White "Haakert, J."]
[Black "Wendrich, F."]
[Result "1/2-1/2"]
[WhiteElo "2385"]
[BlackElo "1958"]
[PlyCount "87"]
[EventDate "2013.??.??"]
[WhiteTeam "Deutschland A"]
[BlackTeam "Dresdner Springer"]

1. Nf3 d5 2. g3 Nc6 3. c4 dxc4 4. Qa4 Nf6 5. Bg2 Bd7 6. Qxc4 e5 7. Ng5 Qe7 8.
b3 h6 9. Ba3 Nb4 10. Bxb4 Qxb4 11. Qxf7+ Kd8 12. Ne6+ Bxe6 13. Qxe6 Bc5 14. Nc3
c6 15. e3 Re8 16. Qf7 Re7 17. Qf8+ Kc7 18. Qxa8 Re8 19. Qxe8 Nxe8 20. Rc1 Kb8
21. O-O Nf6 22. Nb1 Be7 23. Rc4 Qa5 24. a3 Qb5 25. Rc3 a5 26. Rfc1 Bf8 27. Bf1
Qb6 28. Bc4 Be7 29. Rd3 Ka7 30. Be6 Kb8 31. Rc4 Kc7 32. f3 Kb8 33. Kf2 Qb5 34.
a4 Qb6 35. Ke2 Bb4 36. Bf7 e4 37. Rdd4 Bc5 38. Rxe4 Nxe4 39. Rxe4 Bb4 40. f4
Qc5 41. Bg6 Ka7 42. Rc4 Qd6 43. Be4 Qe6 44. f5 1/2-1/2

[Event "?"]
[Site "?"]
[Date "????.??.??"]
[Round "?"]
[White "Schwier, M."]
[Black "Werner, C."]
[Result "0-1"]
[WhiteElo "2103"]
[BlackElo "2337"]
[PlyCount "46"]
[EventDate "2013.??.??"]
[WhiteTeam "Dresdner Springer"]
[BlackTeam "Deutschland A"]

1. e4 c5 2. Nf3 g6 3. Bc4 Bg7 4. O-O Nc6 5. Re1 d6 6. Nc3 Nf6 7. h3 O-O 8. a4
e6 9. d3 d5 10. Ba2 dxe4 11. Nxe4 Nxe4 12. Rxe4 b6 13. c3 Ba6 14. Bb1 Qd7 15.
Ne1 Rad8 16. Qb3 Rfe8 17. Bf4 Kh8 18. Bc2 e5 19. Bg3 f5 20. Re2 e4 21. Rd1 exd3
22. Rxe8+ Qxe8 23. Bb1 c4 0-1

[Event "?"]
[Site "?"]
[Date "????.??.??"]
[Round "?"]
[White "Ackermann, H."]
[Black "Mückan, F."]
[Result "1-0"]
[WhiteElo "2308"]
[BlackElo "2042"]
[PlyCount "99"]
[EventDate "2013.??.??"]
[WhiteTeam "Deutschland A"]
[BlackTeam "Dresdner Springer"]

1. b3 e5 2. Bb2 Nc6 3. e3 d6 4. Bb5 Bd7 5. d4 exd4 6. exd4 Qg5 7. Qe2+ Qe7 8.
a3 a6 9. Bc4 Nf6 10. Nd2 Bf5 11. O-O-O d5 12. Bd3 Qxe2 13. Bxe2 O-O-O 14. Ngf3
Bd6 15. Ne5 Bxe5 16. dxe5 Ng4 17. Bxg4 Bxg4 18. Rde1 Be6 19. f4 Rhg8 20. Rhf1
g6 21. h3 Ne7 22. Nf3 h6 23. Bd4 b6 24. Bf2 Rde8 25. g4 c5 26. Bh4 Nc6 27. Bf6
d4 28. Nd2 Bd5 29. Rg1 b5 30. h4 Kd7 31. Rg3 Nd8 32. Rf1 Ne6 33. Rf2 Nf8 34. c4
Bb7 35. Rd3 Nh7 36. g5 Nxf6 37. gxf6 h5 38. b4 bxc4 39. Nxc4 Be4 40. Rd1 Rb8
41. Nd6 Bd5 42. bxc5 Rb3 43. Rxd4 Kc6 44. Rc2 Rgb8 45. Ra4 Rh3 46. Rxa6+ Kc7
47. Rd2 Rh1+ 48. Rd1 Rxd1+ 49. Kxd1 Be6 50. Kc2 1-0

[Event "?"]
[Site "?"]
[Date "????.??.??"]
[Round "?"]
[White "Nordby, B."]
[Black "Karasev, V."]
[Result "0-1"]
[WhiteElo "2097"]
[BlackElo "2358"]
[PlyCount "86"]
[EventDate "2013.??.??"]
[WhiteTeam "Blindern Oldtimers"]
[BlackTeam "Sankt Petersburg"]

1. d4 g6 2. c4 Nf6 3. Nf3 Bg7 4. Nc3 d5 5. cxd5 Nxd5 6. Bd2 O-O 7. e4 Nxc3 8.
Bxc3 Bg4 9. Be2 Nc6 10. d5 Bxc3+ 11. bxc3 Na5 12. Qa4 c6 13. Rd1 Qc7 14. e5
Bxf3 15. d6 exd6 16. exd6 Qb6 17. Bxf3 Rfe8+ 18. Kf1 Rad8 19. g3 Re6 20. Qf4
Qc5 21. d7 Qc4+ 22. Kg2 Qxf4 23. gxf4 Re7 24. h4 Rdxd7 25. h5 Rxd1 26. Bxd1 Kg7
27. h6+ Kf6 28. Bg4 Nc4 29. Rd1 g5 30. f5 Re4 31. Kf3 Rf4+ 32. Kg3 Ne5 33. f3
Ke7 34. Re1 f6 35. Rh1 b5 36. Re1 Kd6 37. Rd1+ Kc7 38. Rd2 a5 39. Rh2 Rc4 40.
Bh5 Rxc3 41. Bg6 Rxf3+ 42. Kg2 Rd3 43. Bxh7 Rd2+ 0-1

[Event "?"]
[Site "?"]
[Date "????.??.??"]
[Round "?"]
[White "Shushpanov, V."]
[Black "Fossum, W."]
[Result "1-0"]
[WhiteElo "2308"]
[BlackElo "1994"]
[PlyCount "67"]
[EventDate "2013.??.??"]
[WhiteTeam "Sankt Petersburg"]
[BlackTeam "Blindern Oldtimers"]

1. Nf3 e6 2. g3 b6 3. Bg2 Bb7 4. O-O Nf6 5. b3 Be7 6. c4 d5 7. Bb2 dxc4 8. bxc4
O-O 9. d3 c5 10. a4 Nc6 11. Ne5 Qc7 12. Nxc6 Bxc6 13. Bxc6 Qxc6 14. Nc3 Nd7 15.
a5 Bf6 16. Qa4 Qxa4 17. Rxa4 Rfb8 18. Ba1 g6 19. axb6 Rxb6 20. Ne4 Be7 21. Bc3
Rc8 22. Rfa1 f5 23. Nd2 Rcc6 24. Nf3 Rb3 25. Ra6 Rxa6 26. Rxa6 Rxc3 27. Rxa7
Rc2 28. Rxd7 Kf8 29. Kf1 Rc1+ 30. Kg2 Rc2 31. Rb7 Ke8 32. Rc7 Rc3 33. d4 cxd4
34. Nxd4 1-0

[Event "?"]
[Site "?"]
[Date "????.??.??"]
[Round "?"]
[White "Bernhardsson, S."]
[Black "Ost-Hansen, J."]
[Result "1/2-1/2"]
[WhiteElo "2084"]
[BlackElo "2386"]
[PlyCount "57"]
[EventDate "2013.??.??"]
[WhiteTeam "Schweden 3"]
[BlackTeam "Dänemark 1"]

1. d4 Nf6 2. Nf3 g6 3. c4 Bg7 4. Nc3 O-O 5. e4 d6 6. Be2 Nbd7 7. Be3 e5 8. d5
Ng4 9. Bg5 f6 10. Bh4 h5 11. h3 Nh6 12. Nd2 Nf7 13. b4 Bh6 14. Nb3 Bg5 15. Bxg5
fxg5 16. c5 Nf6 17. Rc1 g4 18. hxg4 hxg4 19. Qd3 a6 20. Nd2 Kg7 21. Nc4 Rb8 22.
Qe3 b6 23. cxb6 cxb6 24. g3 Bd7 25. Rh4 Rh8 26. Rxh8 Kxh8 27. Kf1 Kg7 28. Kg2
Qc7 29. a3 1/2-1/2

[Event "?"]
[Site "?"]
[Date "????.??.??"]
[Round "?"]
[White "Danielsson, R."]
[Black "Kolbak, J."]
[Result "0-1"]
[WhiteElo "2071"]
[BlackElo "2280"]
[PlyCount "82"]
[EventDate "2013.??.??"]
[WhiteTeam "Schweden 3"]
[BlackTeam "Dänemark 1"]

1. d4 Nf6 2. c4 e6 3. Nc3 d5 4. cxd5 exd5 5. Bg5 Be7 6. e3 h6 7. Bh4 O-O 8. Qc2
c6 9. Bd3 Re8 10. Nf3 Nbd7 11. O-O Ne4 12. Bg3 Nxg3 13. hxg3 Bd6 14. Rab1 Nf6
15. b4 Qe7 16. b5 Bd7 17. bxc6 Bxc6 18. Bb5 Rac8 19. Qb3 Bxb5 20. Nxb5 Bb8 21.
a4 Qe6 22. Nc3 b6 23. Ne2 g5 24. Nd2 Kg7 25. Rb2 Rc6 26. Qb5 Rec8 27. Rfb1 Qf5
28. a5 Bd6 29. axb6 Rxb6 30. Qa4 Rxb2 31. Rxb2 Qd3 32. Nf3 Rc4 33. Qb3 Qf5 34.
Ne1 a5 35. Nd3 a4 36. Qd1 a3 37. Ra2 Ne4 38. Qe1 Nxg3 39. Nxg3 Qxd3 40. Rd2 Qg6
41. f3 Bb4 0-1

[Event "?"]
[Site "?"]
[Date "????.??.??"]
[Round "?"]
[White "Donchenko, A."]
[Black "Schröter, H."]
[Result "1-0"]
[WhiteElo "2353"]
[BlackElo "2063"]
[PlyCount "75"]
[EventDate "2013.??.??"]
[WhiteTeam "Hessen 1"]
[BlackTeam "SV TUR Dresden"]

1. Nf3 Nf6 2. c4 d6 3. d4 Bg4 4. Nc3 Nbd7 5. e4 e5 6. Be2 Be7 7. Ng1 Bxe2 8.
Ngxe2 c6 9. O-O O-O 10. f3 Qc7 11. Be3 Rfd8 12. Rc1 a6 13. a3 Bf8 14. Qc2 g6
15. b4 Qb8 16. Qb3 exd4 17. Nxd4 Bg7 18. Kh1 Re8 19. a4 Ne5 20. Rcd1 Qc8 21.
Bg1 Nh5 22. a5 c5 23. bxc5 dxc5 24. Nde2 Nc6 25. Nd5 Rb8 26. Qa3 Ne5 27. Bxc5
Kh8 28. Qb4 Nc6 29. Qa3 Ne5 30. Ba7 Ra8 31. Bd4 Qxc4 32. Qb2 Rad8 33. Rc1 Qa4
34. Qxb7 Qxa5 35. Bb6 Qd2 36. Bxd8 Nd3 37. Qd7 Re5 38. Bh4 1-0

[Event "?"]
[Site "?"]
[Date "????.??.??"]
[Round "?"]
[White "Appelt, G."]
[Black "Klundt, K."]
[Result "0-1"]
[WhiteElo "2059"]
[BlackElo "2338"]
[PlyCount "154"]
[EventDate "2013.??.??"]
[WhiteTeam "SV TUR Dresden"]
[BlackTeam "Hessen 1"]

1. e4 Nf6 2. Nc3 e5 3. Nf3 d6 4. d3 g6 5. h3 Bg7 6. Be3 c6 7. Qd2 Nbd7 8. Bh6
O-O 9. Bxg7 Kxg7 10. Be2 Re8 11. Nh2 d5 12. Bf3 dxe4 13. dxe4 Nc5 14. Qxd8 Rxd8
15. Nf1 Be6 16. Nd2 a5 17. O-O-O a4 18. b4 axb3 19. axb3 b5 20. Rhe1 b4 21.
Ncb1 Ra2 22. Re3 Rd4 23. g4 h6 24. Bg2 Nfd7 25. Bf1 Nb6 26. f3 Kf6 27. h4 Ke7
28. Be2 Rd8 29. Rf1 Ncd7 30. c4 Nc5 31. Rd1 Bc8 32. Rf1 Nbd7 33. Bd3 Nf8 34.
Bc2 Nfe6 35. Rf2 Nf4 36. Rh2 h5 37. g5 f6 38. gxf6+ Kxf6 39. Nf1 Bh3 40. Rd2
Rd4 41. Ng3 g5 42. hxg5+ Kxg5 43. Nf5 Bxf5 44. exf5 Kf6 45. Be4 h4 46. Rxa2 h3
47. Rh2 Rd8 48. Nd2 Rg8 49. Bxc6 Rg2 50. Rxh3 Nxh3 51. Ne4+ Nxe4 52. fxe4 Nf4
53. Bd7 Ne2+ 54. Kd1 Nc3+ 55. Ke1 Rg1+ 56. Kf2 Rg4 57. Rh3 Nxe4+ 58. Ke3 Nc5
59. Rh6+ Ke7 60. Bc8 Rg3+ 61. Ke2 Nxb3 62. f6+ Kf7 63. Bb7 Nd4+ 64. Kf2 Rg6 65.
Rxg6 Kxg6 66. Ke3 Kxf6 67. Kd3 Ne6 68. Bf3 Nc5+ 69. Ke3 Ke6 70. Bd5+ Kd6 71.
Kd2 Nd7 72. Kd3 Nc5+ 73. Kd2 e4 74. Bf7 Ke5 75. Ke3 b3 76. Kd2 Kd4 77. Kc1 Kc3
0-1

[Event "?"]
[Site "?"]
[Date "????.??.??"]
[Round "?"]
[White "Isserman, R."]
[Black "Seibt, M."]
[Result "1-0"]
[WhiteElo "2331"]
[BlackElo "2011"]
[PlyCount "53"]
[EventDate "2013.??.??"]
[WhiteTeam "Hessen 1"]
[BlackTeam "SV TUR Dresden"]

1. e4 e6 2. d3 d5 3. Nd2 Nf6 4. Ngf3 c5 5. g3 Be7 6. Bg2 O-O 7. O-O Nc6 8. e5
Nd7 9. Re1 Nb6 10. c3 Bd7 11. Nf1 Rb8 12. h4 h6 13. N1h2 f5 14. exf6 Bxf6 15.
Bf4 Rc8 16. Ng4 Qe7 17. Qd2 Kh8 18. Re2 Rce8 19. Rae1 Bc8 20. Bh3 Qf7 21. Nfe5
Nxe5 22. Nxe5 Bxe5 23. Bxe5 Qg6 24. Bd6 Rf3 25. Bxc5 Rxd3 26. Qc2 Kh7 27. h5
1-0

[Event "?"]
[Site "?"]
[Date "????.??.??"]
[Round "?"]
[White "Muehle, H."]
[Black "Haubt, G."]
[Result "0-1"]
[WhiteElo "1927"]
[BlackElo "2239"]
[PlyCount "63"]
[EventDate "2013.??.??"]
[WhiteTeam "SV TUR Dresden"]
[BlackTeam "Hessen 1"]

1. e4 d5 2. d4 dxe4 3. Nc3 Nf6 4. f3 e6 5. fxe4 Bb4 6. Bg5 h6 7. Bxf6 Qxf6 8.
Nf3 b6 9. Bb5+ Bd7 10. Bxd7+ Nxd7 11. Qd3 O-O 12. O-O c5 13. a3 Bxc3 14. bxc3
Rad8 15. a4 Qg6 16. Rae1 Qh5 17. Re3 Rc8 18. Nd2 cxd4 19. cxd4 Qa5 20. Rg3 Qxa4
21. c3 Qa5 22. e5 Rcd8 23. Qe3 Kh7 24. Nc4 Qd5 25. Nd6 f6 26. Qd3+ f5 27. Rff3
Nxe5 28. Rxg7+ Kxg7 29. Rg3+ Kh7 30. Qd2 Rxd6 31. Rh3 Ng4 32. Rh5 0-1

[Event "?"]
[Site "?"]
[Date "????.??.??"]
[Round "?"]
[White "Strutinskaya, G."]
[Black "Sobeck, G."]
[Result "1-0"]
[WhiteElo "2300"]
[BlackElo "2096"]
[PlyCount "95"]
[EventDate "2013.??.??"]
[WhiteTeam "Rußland Frauen"]
[BlackTeam "USG Chemnitz"]

1. d4 Nf6 2. c4 e5 3. dxe5 Ne4 4. Qd5 Bb4+ 5. Nd2 Nxd2 6. Bxd2 Qe7 7. f4 O-O 8.
Nf3 Nc6 9. a3 Bxd2+ 10. Nxd2 b6 11. O-O-O Bb7 12. e3 Rad8 13. Ne4 Na5 14. Qd3
d5 15. Ng5 g6 16. Qc2 dxc4 17. Bxc4 Nxc4 18. Qxc4 b5 19. Qxb5 Bxg2 20. Rhg1 c6
21. Qa5 Rxd1+ 22. Rxd1 h6 23. Rd2 Bh1 24. Nh3 Qe6 25. Nf2 Qc4+ 26. Qc3 Qf1+ 27.
Kc2 Bf3 28. Qd3 Qxd3+ 29. Rxd3 Ra8 30. e4 Be2 31. Rd6 c5 32. Rd2 Bb5 33. Ng4
Kg7 34. Kc3 g5 35. Nf6 gxf4 36. Rg2+ Kh8 37. Rf2 Rd8 38. Nd5 Bc6 39. Kc4 Re8
40. Kxc5 Bxd5 41. exd5 Rxe5 42. Rxf4 Kg7 43. Kc6 Re2 44. d6 Rc2+ 45. Kd5 Kf8
46. Rc4 Rd2+ 47. Kc6 Rxb2 48. d7 1-0

[Event "?"]
[Site "?"]
[Date "????.??.??"]
[Round "?"]
[White "Wuensch, U."]
[Black "Fatalibekova, E."]
[Result "0-1"]
[WhiteElo "2092"]
[BlackElo "2272"]
[PlyCount "72"]
[EventDate "2013.??.??"]
[WhiteTeam "USG Chemnitz"]
[BlackTeam "Rußland Frauen"]

1. d4 Nf6 2. Nf3 c5 3. e3 g6 4. c3 Qc7 5. Be2 Bg7 6. O-O O-O 7. Nbd2 b6 8. e4
Bb7 9. d5 d6 10. Re1 Nbd7 11. Bf1 a6 12. a4 Rab8 13. c4 Rbe8 14. Nb3 a5 15. Bf4
Nh5 16. Bc1 e6 17. Qc2 Bc8 18. Be3 e5 19. Qc1 f5 20. exf5 gxf5 21. Bh6 e4 22.
Bxg7 Nxg7 23. Ng5 Ne5 24. Nh3 Qd8 25. Be2 Ba6 26. g3 Qf6 27. Kg2 Ng6 28. Qc3 f4
29. Qxf6 Rxf6 30. gxf4 Bc8 31. Ng1 Nxf4+ 32. Kg3 Ref8 33. f3 e3 34. h4 Rg6+ 35.
Kh2 Rg2+ 36. Kh1 Nf5 0-1

[Event "?"]
[Site "?"]
[Date "????.??.??"]
[Round "?"]
[White "Saunina, L."]
[Black "Staudte, R."]
[Result "1-0"]
[WhiteElo "2208"]
[BlackElo "1919"]
[PlyCount "81"]
[EventDate "2013.??.??"]
[WhiteTeam "Rußland Frauen"]
[BlackTeam "USG Chemnitz"]

1. e4 c5 2. Nf3 Nc6 3. Bb5 e6 4. O-O Nge7 5. Re1 a6 6. Bf1 b5 7. c3 Bb7 8. d4
cxd4 9. cxd4 d5 10. e5 Ng6 11. Nc3 Be7 12. a4 b4 13. Ne2 a5 14. Nf4 Nxf4 15.
Bxf4 Qb6 16. Rc1 O-O 17. Bd3 g6 18. Bb1 Rfc8 19. b3 Ba6 20. Be3 Nd8 21. h4 Rxc1
22. Bxc1 Rc8 23. Ng5 Qc7 24. Bd2 Nc6 25. Be3 Qa7 26. f4 Bxg5 27. fxg5 Ne7 28.
g4 Nc6 29. h5 Kf8 30. Qf3 Ke8 31. Rc1 Qe7 32. Qf2 Na7 33. Rxc8+ Nxc8 34. Qf6
Qxf6 35. exf6 Be2 36. Bf4 Kd7 37. h6 Nd6 38. Bc2 Ne4 39. Kg2 Kc6 40. Kh3 Nc3
41. Bxg6 1-0

[Event "?"]
[Site "?"]
[Date "????.??.??"]
[Round "?"]
[White "Werchan, H."]
[Black "Hammar, B."]
[Result "1/2-1/2"]
[WhiteElo "2141"]
[BlackElo "2284"]
[PlyCount "47"]
[EventDate "2013.??.??"]
[WhiteTeam "Ottonen Magdeburg"]
[BlackTeam "Schweden 1"]

1. Nf3 g6 2. c4 Bg7 3. d4 Nf6 4. Nc3 O-O 5. g3 d6 6. Bg2 Nbd7 7. O-O e5 8. dxe5
dxe5 9. Bg5 h6 10. Bd2 c6 11. Qc2 Re8 12. Rad1 Qc7 13. h3 a5 14. Be3 Bf8 15. a3
Nc5 16. b4 axb4 17. axb4 Na6 18. b5 Nc5 19. Nd2 Bf5 20. Qb2 Be6 21. Ra1 Nh5 22.
b6 Qe7 23. Ra7 Reb8 24. Bxc6 1/2-1/2

[Event "?"]
[Site "?"]
[Date "????.??.??"]
[Round "?"]
[White "Wahlbom, M."]
[Black "Bondick, K."]
[Result "1-0"]
[WhiteElo "2284"]
[BlackElo "2082"]
[PlyCount "43"]
[EventDate "2013.??.??"]
[WhiteTeam "Schweden 1"]
[BlackTeam "Ottonen Magdeburg"]

1. d4 d5 2. c4 e6 3. Nc3 f5 4. cxd5 exd5 5. Bf4 Nf6 6. e3 Bd6 7. Nh3 O-O 8. Bd3
Nc6 9. O-O Ne7 10. Rc1 c6 11. a3 h6 12. f3 g5 13. Bxd6 Qxd6 14. Nf2 Bd7 15. Bb1
Rae8 16. Qd2 Ng6 17. e4 dxe4 18. fxe4 Ng4 19. Nxg4 fxg4 20. e5 Nxe5 21. Ne4 Nc4
22. Rxf8+ 1-0

[Event "?"]
[Site "?"]
[Date "????.??.??"]
[Round "?"]
[White "Andreas, G."]
[Black "Malmdin, N."]
[Result "0-1"]
[WhiteElo "2000"]
[BlackElo "2239"]
[PlyCount "50"]
[EventDate "2013.??.??"]
[WhiteTeam "Ottonen Magdeburg"]
[BlackTeam "Schweden 1"]

1. e4 g6 2. Nc3 Bg7 3. g3 b6 4. Bg2 Bb7 5. Nge2 e6 6. O-O Ne7 7. d3 d6 8. a4 a6
9. Rb1 O-O 10. Bd2 h6 11. Nf4 Nd7 12. Bh3 e5 13. Ng2 d5 14. f4 d4 15. Ne2 f5
16. fxe5 Nxe5 17. Nef4 Qd6 18. Qe2 g5 19. exf5 gxf4 20. gxf4 Nf7 21. Nh4 Qf6
22. Qg4 Nd6 23. Kf2 Nexf5 24. Ng6 Rfe8 25. Ne5 Qh4+ 0-1